书目信息 |
| 题名: |
图像识别与项目实践
|
|
| 作者: | 杨淑莹 , 陈胜勇 著 | |
| 分册: | ||
| 出版信息: | 北京 电子工业出版社 2019.12 |
|
| 页数: | 235页 | |
| 开本: | 26cm | |
| 丛书名: | ||
| 单 册: | ||
| 中图分类: | TN911.73 , TP391.41 | |
| 科图分类: | ||
| 主题词: | Matlab软件--Matlab ruan jian--应用--数字图象处理 , C++语言--C++ yu yan--数字图象处理 | |
| 电子资源: | ||
| ISBN: | 978-7-121-35864-7 | |
| 000 | 01304nam0 2200313 450 | |
| 001 | 0100016117 | |
| 005 | 20200929160439.0 | |
| 010 | @a978-7-121-35864-7@dCNY68.00 | |
| 100 | @a20191224d2019 em y0chiy50 ea | |
| 101 | 0 | @achi |
| 102 | @aCN@b110000 | |
| 105 | @aa a 000yy | |
| 106 | @ar | |
| 200 | 1 | @a图像识别与项目实践@Atu xiang shi bie yu xiang mu shi jian@eVC++、MATLAB技术实现@f杨淑莹, 陈胜勇著 |
| 205 | @a第2版 | |
| 210 | @a北京@c电子工业出版社@d2019.12 | |
| 215 | @a235页@c图@d26cm | |
| 320 | @a有书目 (第232-235页) | |
| 330 | @a本书是一本有关数字图像处理应用项目开发与实践指导类的教材, 主要介绍图像处理应用项目开发的基本流程、图像识别处理应用项目关键技术。直击当今研究热点, 选择有代表性的专题项目, 详细介绍了手写数字识别、邮政编码识别、汽车牌照号码识别、印刷体汉字识别、一维条形码识别、人脸识别、虹膜识别、指纹识别八个应用项目的实现方法。 | |
| 333 | @a创新型人才培养“十三五”规划教材 | |
| 517 | 1 | @aVC++、MATLAB技术实现@AVC++、MATLAB ji shu shi xian |
| 606 | 0 | @aMatlab软件@AMatlab ruan jian@x应用@x数字图象处理 |
| 606 | 0 | @aC++语言@AC++ yu yan@x数字图象处理 |
| 690 | @aTN911.73@v5 | |
| 690 | @aTP391.41@v5 | |
| 701 | 0 | @a杨淑莹@Ayang shu ying@4著 |
| 701 | 0 | @a陈胜勇@Achen sheng yong@4著 |
| 801 | 0 | @aCN@c20191224 |
| 905 | @a河南城建学院图书馆@dTN911.73@f2@eY278 | |
| 图像识别与项目实践:VC++、MATLAB技术实现/杨淑莹, 陈胜勇著.-第2版.-北京:电子工业出版社,2019.12 |
| 235页:图;26cm |
| 使用对象:创新型人才培养“十三五”规划教材 |
| ISBN 978-7-121-35864-7:CNY68.00 |
| 本书是一本有关数字图像处理应用项目开发与实践指导类的教材, 主要介绍图像处理应用项目开发的基本流程、图像识别处理应用项目关键技术。直击当今研究热点, 选择有代表性的专题项目, 详细介绍了手写数字识别、邮政编码识别、汽车牌照号码识别、印刷体汉字识别、一维条形码识别、人脸识别、虹膜识别、指纹识别八个应用项目的实现方法。 |
| ● |
| 相关链接 |
|
|
|
正题名:图像识别与项目实践
索取号:TN911.73/Y278
 
预约/预借
| 序号 | 登录号 | 条形码 | 馆藏地/架位号 | 状态 | 备注 |
| 1 | 1493054 | 214930547 | 自科库301/301自科库 36排3列4层/ [索取号:TN911.73/Y278] | 在馆 | |
| 2 | 1493055 | 214930556 | 自科库301/301自科库 36排1列2层/ [索取号:TN911.73/Y278] | 在馆 |